How desktop publishing works

Bibliographic Details
Main Author: Pfiffner, Pamela
Other Authors: Feasey, Dave, Fraser, Bruce
Format: Book
Published: California : Ziff-Davis Press , 1994
Subjects:

MARC

LEADER 00000cam a2200000 7i4500
001 0000009873
002 000010752
005 20000330.0
020 |a 1562761919 
090 0 0 |a 629.8   |b PFI 
100 1 |a Pfiffner, Pamela 
245 1 0 |a How desktop publishing works   |c Pamela Pfiffner and Bruce Fraser ; illustrated by Dave Feasey 
260 |a California :   |b Ziff-Davis Press ,   |c 1994 
300 |a 198 p. :   |b ill. ;   |c 27 cm. 
650 0 0 |a Desktop publishing 
700 1 |a Feasey, Dave 
700 1 |a Fraser, Bruce 
999 |a 047929   |b BUKU   |c PINJAMAN   |e PERPUSTAKAAN KOMUNITI PETALING JAYA